000 00588aas a2200169 4500
999 _c50821
_d50821
001 768714001
003 CO-MdFUSB
005 20170831163529.0
008 170831s1991 gt ||||| |||| 00| 0 spa d
040 _aCO-MdFUSB
_bspa
_cCO-MdFUSB
_dCO-MdFUSB
041 _aspa
100 1 _aSalgado, Jonathan
_eautor
245 1 0 _aDinámica y planificación :
_belementos necesarios en la educación
_c/ Salgado, Jonathan
300 _aVolumen 1. Número 2 (1991), páginas 3-5
_c: 28 cm.
773 0 _tBoletín ALIET
_049394
_959447
_gVolumen 1. Número 2 (1991), páginas 3-5
_qPágina 3
942 _cANA